Design of machine elements (Record no. 28956)

000 -LEADER
fixed length control field 00500nam a22001931 4500
001 - CONTROL NUMBER
control field 28956
003 - CONTROL NUMBER IDENTIFIER
control field BD-DhUET
008 - FIXED-LENGTH DATA ELEMENTS--GENERAL INFORMATION
fixed length control field 721124s1965 nyua b 000 0 eng
040 ## - CATALOGING SOURCE
Original cataloging agency DLC
Transcribing agency OAU
Modifying agency BD-DhUET
082 ## - DEWEY DECIMAL CLASSIFICATION NUMBER
Classification number 621.815
Item number FAI/1965
100 ## - MAIN ENTRY--PERSONAL NAME
Personal name Faires, Virgil Moring
245 10 - TITLE STATEMENT
Title Design of machine elements
250 ## - EDITION STATEMENT
Edition statement 4th ed.
260 ## - PUBLICATION, DISTRIBUTION, ETC. (IMPRINT)
Place of publication, distribution, etc. New York
Name of publisher, distributor, etc. Macmillan
Date of publication, distribution, etc. 1965
300 ## - PHYSICAL DESCRIPTION
Extent xxviii, 624 p.
Other physical details ill.
Dimensions 25 cm.
504 ## - BIBLIOGRAPHY, ETC. NOTE
Bibliography, etc Includes bibliographies
650 #0 - SUBJECT ADDED ENTRY--TOPICAL TERM
Topical term or geographic name as entry element Machine design
942 ## - ADDED ENTRY ELEMENTS (KOHA)
Koha item type General Book
Holdings
Koha date last seen Shelving location Koha item type Source of classification or shelving scheme Date acquired Piece designation (barcode) Lost status Location (home branch) Withdrawn status Damaged status Koha full call number Koha normalized classification for sorting Price effective from Copy number Sublocation or collection (holding branch) Not for loan
2015-06-14Reading sectionReading Item 2015-06-1463059 Central Library, BUET  621.815/FAI/1965621_815000000000000_FAI_19652015-06-141Central Library, BUET 
2015-06-20Reading sectionReading Item 2015-06-2050915 Central Library, BUET  621.815/FAI/1965621_815000000000000_FAI_19652015-06-202Central Library, BUET 
2015-06-20Reading sectionReading Item 2015-06-2050916 Central Library, BUET  621.815/FAI/1965621_815000000000000_FAI_19652015-06-203Central Library, BUET 
2015-06-25Reading sectionReading Item 2015-06-25 55289 Central Library, BUET  621.815/FAI/1965621_815000000000000_FAI_19652015-06-254Central Library, BUET 
2015-06-25Reading sectionReading Item 2015-06-2563062 Central Library, BUET  621.815/FAI/1965621_815000000000000_FAI_19652015-06-255Central Library, BUET